Quizzes
Events
Quiz Creation
Community
Videos
Private Events
Remove Ads
Sign In
Join for FREE
Feedback
Dark Mode
Quiz Categories
Sports
Geography
Music
Movies
Television
Just For Fun
Miscellaneous
History
Literature
Language
Science
Gaming
Entertainment
Religion
Holiday
For Kids
Quiz Lab
Recent
Popular Today
Quiz Kudos Today
Editor Picks
Curator Picks
Quizzes by...
Day
Popularity
Type
Ratings
Length
Year
Community
Subscriptions
Recent Discussions
Orange Saloon
Badges
Playlists
Quests
Create
Leaderboards
Showdown
Live 5
Trivia Bingo
Activity
Puzzle Library
Sporcle Events
Private Events
Virtual Trivia
Globe League
Become a Host
Pub Owners
SporcleCon
Opinionation
Our Games
Videos
Blog
Mobile Apps
Partnerships
Remove Ads and Go Orange
Feedback
Sports
Athletes
MLB
NBA
NHL
NFL
Soccer
Sports Teams
WWE
NCAA
Football
Premier League
Basketball
Baseball
Hockey
Golf
Tennis
Cricket
Rugby
Auto Racing
Olympics
World Cup
Sports
Athletes
MLB
NBA
NHL
NFL
Soccer
Sports Teams
WWE
NCAA
Football
Premier League
Basketball
Baseball
Hockey
Golf
Tennis
Cricket
Rugby
Auto Racing
Olympics
World Cup
Random Quiz
Search Sporcle
×
Quiz Lab
Quiz Lab
Sports
Baseball
Type in answers that appear in a list
Type in answers that appear in a list
Classic
Best Score? Go Orange.
MLB Players with Multiple Batting Titles since 1901 Stats
Can you name the MLB Players that have won Multiple Batting Titles. since 1901
By
JWilson7
8m
42 Questions
2,517 Plays
2,517 Plays
2,517 Plays
Comments
Comments
Give Quiz Kudos
Give Quiz Kudos
-
- Ratings
hide this ad
Replay
Link that replays current quiz
Next Quiz
Link to next quiz in quiz playlist
You Got
0%
They Got
Avg Score
69%
Avg Friend Score
Upgrade to see
Score Distribution
Jump to the score distribution portion of the page
Score
0/42
Timer
08:00
1
Play Today
Years
Hitter
% Correct
1907-
1915 & 1917-
1919
Ty Cobb
94.5%
1984, 1987-
1989 & 1994-
1997
Tony Gwynn
94%
2011-
2013, 2015
Miguel Cabrera
93.5%
1941-
1942, 1947-
1948 & 1957-
1958
Ted Williams
92.8%
1976, 1980 & 1990
George Brett
91.9%
2006 & 2008-
2009
Joe Mauer
91.8%
2001 & 2004
Ichiro Suzuki
90.9%
2014, 2016-
2017
Jose Altuve
90.9%
2002 & 2004
Barry Bonds
89.9%
1969, 1972-
1975, & 1977-
1978
Rod Carew
89.8%
1998-
1999 & 2001
Larry Walker
89.1%
1983, 1985-
1988
Wade Boggs
88.6%
1903-
1904, 1906-
1909 & 1911
Honus Wagner
88.4%
1968-
1969 & 1973
Pete Rose
88.3%
1943, 1946, 1948, 1950-
1952 & 1957
Stan Musial
87.7%
1961,1964-
1965 & 1967
Roberto Clemente
86.9%
1963 & 1967-
1968
Carl Yastrzemski
86.5%
1992 & 1995
Edgar Martinez
86.2%
1956 & 1959
Hank Aaron
83.4%
1939-
1940
Joe DiMaggio
83%
1901, 1903-
1904
Nap Lajoie
82.3%
Years
Hitter
% Correct
1933 & 1938
Jimmie Foxx
82.1%
1999-
2000
Nomar Garciaparra
79.5%
1920-
1925 & 1928
Rogers Hornsby
77.8%
1985 & 1990
Willie McGee
73.7%
1977-
1978
Dave Parker
70.3%
1964-
1965 & 1971
Tony Oliva
67.1%
1927, 1934 & 1936
Paul Waner
66.6%
1975-
1976, 1981 & 1983
Bill Madlock
64.4%
1955 & 1958
Richie Ashburn
62.1%
1920 & 1922
George Sisler
57.8%
1930-
1931
Al Simmons
57.4%
1936 & 1943
Luke Appling
54.2%
1962-
1963
Tommy Davis
51.8%
1921, 1923, 1925 & 1927
Hary Heilmann
50.9%
1938 & 1942
Ernie Lombardi
29.7%
1929 & 1932
Lefty O'Doul
27.8%
1960 & 1962
Pete Runnels
23.4%
1917 & 1919
Edd Roush
22.3%
1946 & 1953
Mickey Vernon
22%
1951-
1952
Ferris Fain
17.8%
1913-
1914
Jake Daubert
10.4%
Quiz Playlist
Details
Report
Send in Message
Add To Playlist
Classic:
Type in answers that appear in a list
Last Updated: Jun 2, 2020
Quiz Scoreboard
CHALLENGE
Sign Up to Join the Scoreboard
Show All
Scores
Hide
Comments
May contain spoilers
Recently Published
Presidents Visiting Landmarks
by Hejman
History
7m
An Introduction to Baseball
by treessimontrees
Sports
5m
Movies - When Are They Set?
by FPL_Elf
Movies
5m
More to Explore
Quiz From the Vault
Featured Blog Post
Where Did the Easter Bunny Come From?
hide this ad
You Might Also Like...
Tags
Baseball Quiz
MLB Quiz
Average Leaders
Batting
Batting Average
Batting Champions
Batting Leaders
Hitter
MLB Player
Title Winners
Today's Top Quizzes in Sports
Browse Sports
hide this ad
Today's Top Quizzes in Baseball
Browse Baseball
Top Contributed Quizzes in Sports
1
Les meilleurs buteurs des matchs entre le PSG et l’OM
2
2022 World Cup Stars
3
FIFA Club World Cup Champions
4
Les entraîneurs de l'OM et du PSG au 21e siècle
5
Name the Premier League winners with different clubs
6
La finale Lions - Afrique du Sud 2021
7
England Test cricketers to play under Nasser Hussain
8
5-to-1: UK Sports Teams
9
Les joueurs passés par le LOSC et le RC Lens
10
Criteria MLB: Left Handed Sluggers
Explore More
Trending Topics
Marvel
Disney
Kpop
NBA
Anime
Harry Potter
Crossword
WWE
Song
Puzzle
Country
The Office
Pokémon
Soccer
NFL
hide this ad
More By:
JWilson7
Quiz
Plays
Rating
Category
Featured
Created
Active MLB Players with 1,000 RBIs
84,717
4.41
Sports
Jun 22, 2013
MLB Leaders Not in HOF
41,985
4.74
Sports
Feb 27, 2017
NFL Players with 500+ Receptions for One Team
41,649
4.65
Sports
Jul 7, 2016
MLB 3-Decade All-Stars
23,132
4.62
Sports
Jan 13, 2018
Active 5x All-Stars (NBA)
11,713
4.55
Sports
Dec 13, 2013
Go to Creator's Profile
Score Distribution
Quiz Creator Spotlight
JWilson7
Follow
Send a Message
Quizzes Created
-
Created Quiz Play Count
-
More By This Creator
Popular Quizzes Today
1
Find the US States - No Outlines Minefield
2
Find the Countries of Europe - No Outlines Minefield
3
The Countries of the World
4
Find the US States
5
Popular People in 1961
6
US States
7
Risky Map Clicking: Biggest States A-Z
8
1-10 Letter E Words III
More Sports Quizzes
Long Lasting Big 4 Players
Published
Trending Quizzes
Risky Map Clicking: Least Populous States A-Z
1-10 Letter G Words
1-10 Letter F Words
One Thing in Common: United Kingdom
Risky Map Clicking: Next State Alphabetically
Recently Updated
Leaping Animals
pecheneg
Reality TV Shows (A-Z)
bhenderson79
Rickey Henderson's Hall of Fame Teammates
pecheneg
Champions League XIs: Arsenal
pecheneg
Quick Pick: Celebrities in WWE's Hall of Fame
aduchscher
A-Z Keypad Blitz II
pecheneg
Multiple Oscar Actors
pecheneg
Mystery Phrase Blitz: Oscar 'Best Actors'
pecheneg
F. Scott Fitzgerald Novels
LTH
Pick 3 Villains
ddd62291
Trending Topics
Disney
Marvel
NBA
Harry Potter
Anime
Crossword
Kpop
NFL
WWE
Song
Puzzle
Soccer
Country
Pokémon
The Office
Your Account Isn't Verified!
In order to create a playlist on Sporcle, you need to verify the email address you used during registration. Go to your
Sporcle Settings
to finish the process.
Report this User
Report this user for behavior that violates our
Community Guidelines
.
Details:
Send Report
Go to the Sporcle.com Mobile Site →
Comments